00705cam a22002531 4500001001300000003000400013005001700017008004100034010001700075035002000092040001900112042001200131043002100143050001600164110005500180245006200235250001500297260001800312300001800330651002200348651002000370740004400390999001700434ne 63000714 DLC20260227111743.0830613s1962 ua 000 0 eng  ane 63000714  a(OCoLC)16761996 aDLCcOrPSdDLC apremarc aa------af------00aHF3886b.A42 aAfro-Asian Organization for Economic Co-operation.00aWorking paper on commodity production, prices and trade.  a[1st ed.]  aCairoc[1962] a45 p.c28 cm. 0aAfricaxCommerce. 0aAsiaxCommerce.0 aCommodity production, prices and trade. c45758d45758